Responses for show #5722 - Tuesday, June 23, 2009

Contestants

James Erwin, a writer from Des Moines, Iowa

Rae Sailor, a law clerk from Boulder, Colorado

Ingrid Nelson, a judicial assistant from Lake Mills, Wisconsin (whose 2-day cash winnings total $27,802)

Jeopardy! Round responses

NAME THAT JUNE
THE RAZZIES FOR 2008
CABINET DEPARTMENTS IN OTHER WORDS
HOLMES, SHERLOCK HOLMES
HERE'S SOMETHING RANDOM
EVERYTHING'S COMING UP "ROSE"S
    $200 7
1775

James
    $200 26
The Love Guru

James
    $200 15
(James: What is Health?)

Energy

IngridJames
    $200 3
a harpoon

James
    $200 14
Van Gogh

James
    $200 1
Charlie Rose

James
    $400 8
1812

Rae
    $400 27
the Spartans

Rae
    $400 18
Transportation

Ingrid
    $400 12
Scotland Yard

Rae
    $400 16
(Ingrid: What is the heart?)

the brain

IngridJames
    $400 2
(Ingrid: What is the Rosemont?)

the Rose Garden

Ingrid
Triple Stumper
    $1,000 9
(Alex: Good for you. The crisis was in October of '62, and they agreed the following year.)

1963

Rae
    $600 28
The Women

Ingrid
    $600 19
(James: What is Law?)

Justice

IngridJames
    $600 13
a snake

Ingrid
    $600 17
North America

James
    $600 4
La Vie en Rose

Rae
    $800 10
1967

Rae
    $800 29
Eddie Murphy

Triple Stumper
    $800 20
Education

Rae
    $800 22
Charles I

James
    $800 23
gi

Triple Stumper
    $800 5
Rose McGowan

James
    $1000 11
(James: What is 1801?)

1800

James
Triple Stumper
    $1000 30
(Mark) Wahlberg

James
    $1000 21
(Ingrid: What is...)

Labor

IngridRae
    $1000 25
Mrs. Hudson

Triple Stumper
    $1000 24
Loki

Rae
    $1000 6
(Rae: What is "Yellow Rose of Texas"?)
...
(Alex: What is my [*]?)

"San Antonio Rose"

Rae
Triple Stumper

Scores at the first commercial break (after clue 15):

Ingrid Rae James
$400 $2,200 $400

Scores at the end of the Jeopardy! Round:

Ingrid Rae James
$600 $5,400 $2,800

Double Jeopardy! Round responses

NATIONAL MEDAL OF ARTS WINNERS
ISAAC HAYES
SEAFOOD
INSIDE THE EUROPEAN CAPITAL
(Alex: Each correct response will be a European capital. In the clue, there will be some letters in quotes. Those letters will be part of each correct response.)
VOCABULARY
EVERYTHING'S COMING UP MOSES
    $400 6
Aretha Franklin

Ingrid
    $400 7
(John) Shaft

Ingrid
    $400 14
(Ingrid: What is vichyssoise?)
...
(Alex: Yes, vichyssoise is something else--cold soup.)

bouillabaisse

IngridRae
    $400 24
Paris

Ingrid
    $400 1
scalene

Ingrid
    $400 11
the Jordan

Ingrid
    $800 10
Jessica Tandy

James
    $800 8
Chef

Ingrid
    $800 15
kippers

Triple Stumper
    $800 25
Helsinki

Triple Stumper
    $800 2
gargoyle

Ingrid
    $800 22
Mt. Sinai

James
    $1200 17
Alvin Ailey

Ingrid
    $1200 9
The A-Team

James
    $1200 16
halibut

James
    $1200 26
Copenhagen

James
    $1200 3
numismatism

Rae
    $1200 23
(James: Who is Ruth?)

Miriam

James
Triple Stumper
    $1600 20
Stan Lee

James
    $1600 12
(James: What is "Hold On"?)

"Soul Man"

James
Triple Stumper
    $1,000 18
(Ingrid: What is yellowfin tuna?)

yellowtail

Ingrid
    $1600 27
(Rae: What is...)
(Alex: Say it.)
(Rae: Naples?)

Budapest

RaeJames
    $1600 4
fraught

James
    $1,500 29
Levi

James
    $2000 21
Beverly Cleary

Ingrid
    $2000 13
(James: What is Columbo?)
(Alex: No... Another popular show called [*] with James Garner.)

The Rockford Files

James
Triple Stumper
    $2000 19
scallops

Ingrid
    $2000 28
Tallinn

James
    $2000 5
150

James
    $2000 30
(James: What is Horeb?)

Mount Nebo

James
Triple Stumper

Scores at the end of the Double Jeopardy! Round:

Ingrid Rae James
$8,000 $5,400 $11,500

[wagering suggestions for these scores]

Final Jeopardy! Round responses

LEADING MEN
(Alex: And of those eight nominations, he picked up only one Oscar, for directing.)
...
(Alex: Heaven Can Wait was one of the films. Reds was the other. He won the Oscar for directing Reds.)
RaeWho is Woody Allen?
$2,000
IngridWho is Redford?
$2,000
JamesWho is Stallone?
$4,501
Warren Beatty

Final scores:

Ingrid Rae James
$6,000 $3,400 $6,999
2nd place: $2,000 3rd place: $1,000 New champion: $6,999

Game dynamics:

Coryat scores:

Ingrid Rae James
$9,000 $5,000 $11,600
15 R,
5 W
(including 1 DD)
11 R
(including 1 DD),
2 W
21 R
(including 1 DD),
7 W

Combined Coryat: $25,600

The J! Archive is created by fans, for fans. The Jeopardy! game show and all elements thereof, including but not limited to copyright and trademark thereto, are the property of Jeopardy Productions, Inc. and are protected under law. This website is not affiliated with, sponsored by, or operated by Jeopardy Productions, Inc. Join the discussion at JBoard.tv.